California County Trivia - Kings - Statistics

General Stats
  • This quiz has been taken 6 times
  • The average score is 8 of 12
Answer Stats
Hint Answer % Correct
Bordering Counties Fresno
100%
County Seat Hanford
83%
Kern
83%
Monterey
83%
Tulare
83%
Major Industry Agriculture
67%
Valley the County is located in Central Valley
67%
Interstate that runs through the County Interstate 5
67%
San Luis Obispo
67%
Second Largest City Corcoran
50%
Major River Kings River
50%
Tallest Mountain Table Mountain
17%
No matching quizzes found
Score Distribution
Percent of People with Each Score
Percentile by Number Answered
Your Score History
You have not taken this quiz